Statistics for Who says these quotes from the Big Bang Theory?

Click here to take the quiz!

General Stats

  • This quiz has been taken 54 times
  • The average score is 8 of 15

Answer Stats

QuestionAnswer% Correct
“Usually when someone’s being talked about behind their back, it’s me and it’s right in front of my face.”Amy
76%
"I'm starting to think you're not the kind of guy I want dating my wife."Zack
70%
"You mess with the bull, you get the horns. I'm about to show this guy just how horny I can be."Sheldon
57%
"I'm sorry, did I start that sentence with the words, "If it pleases your highness?"Mary
56%
"It must be humbling to suck on so many levels."Sheldon
56%
"I like all kinds of music, but my favorite genre is free."Stuart
54%
"I’m sensing a little hostility. Is it maybe because like Sheldon’s work, your sex life is also theoretical?"Bernadette
52%
“Love is not a sprint, it’s a marathon, a relentless pursuit that only ends when she falls into your arms- or hits you with the pepper spray.”Howard
50%
"I believe that one day Sheldon will eat an enormous amount of Thai food and spilt into two Sheldons."Howard
50%
"It's too bad he wasn't here for that hooker. She's exactly his type. A hooker."Raj
48%
"We are made of particles that have existed since the moment the universe began. I like to think those atoms traveled fourteen billion years through time and space to create us, so that we could be together and make each other whole."Leonard
46%
"Your kid might be a honor student but you're a moron!"Bernadette
44%
"I know the feeling. It's like accidentally walking into a gay bar and then having no one hit on you. It happened to a friend of mine."Raj
39%
“You can’t ruin a friendship with sex. That’s like trying to ruin ice cream with chocolate sprinkles.”Raj
37%
“Thankfully all the things my girlfriend used to do can be taken care of with my right hand.”Sheldon
35%

Score Distribution

Percentile by Number Answered

Percent of People with Each Score

Your Score History

You have not taken this quiz